Sports Quiz

Random Sports or Basketball Quiz

NBA 2012-2013 PPG Leaders Quiz Stats

 Plays Quiz not verified by Sporcle

Challenge
Share
Tweet
Embed
Score 0/10 Timer 02:00
0 Plays Today
PPG Player % Correct
26.8LeBron James
98.8%
28.7Carmelo Anthony
97.4%
27.3Kobe Bryant
97.1%
23.2Russell Westbrook
96.8%
21.1LaMarcus Aldridge
96.5%
28.1Kevin Durant
96.2%
21.2Dwyane Wade
96.2%
22.9Stephen Curry
95.9%
25.9James Harden
95.3%
19.4Brook Lopez
94.4%

You're not logged in!

Compare scores with friends on all Sporcle quizzes.
OR
Log In

You Might Also Like...

Show Comments

Extras

Top Quizzes Today


Score Distribution

Your Account Isn't Verified!

In order to create a playlist on Sporcle, you need to verify the email address you used during registration. Go to your Sporcle Settings to finish the process.

Report this User

Report this user for behavior that violates our Community Guidelines.

Details: